[Event "GRE-ch U16 Girls"]
[Site "Greece"]
[Date "2014.07.09"]
[Round "6"]
[White "Pramateftaki, Aspasia"]
[Black "Tsouba, Adamantia"]
[Result "1/2-1/2"]
[WhiteElo "1352"]
[BlackElo "1503"]
[PlyCount "132"]
[EventDate "2014.07.04"]
[EventType "swiss"]
[EventRounds "9"]
[EventCountry "GRE"]
[SourceTitle "EXT 2017"]
[Source "ChessBase"]
[SourceDate "2016.10.25"]
[SourceVersion "1"]
[SourceVersionDate "2016.10.25"]
[SourceQuality "1"]

1. e4 c5 2. Nf3 d6 3. d4 cxd4 4. Nxd4 Nc6 5. Nc3 Nf6 6. Be3 a6 7. f3 Bd7 8. Bc4 e6 9. Qd2 Be7 10. 0-0-0 Qc7 11. Bb3 0-0 12. g4 h6 13. h4 Nh7 14. Rdg1 Qd8 15. h5 e5 16. Nf5 Bxf5 17. exf5 Bg5 18. f4 exf4 19. Bxf4 Bxf4 20. Qxf4 Qg5 21. Nd5 Nd4 22. Bc4 Rac8 23. Qxg5 Nxg5 24. Ne7+ Kh8 25. Nxc8 Rxc8 26. Bd3 Ngf3 27. Rg2 d5 28. c3 Ne5 29. Bc2 Ndf3 30. Rd1 Rc5 31. Bb3 d4 32. Rg3 dxc3 33. Rd8+ Kh7 34. Bxf7 cxb2+ 35. Kxb2 Nxf7 36. Rd7 Rb5+ 37. Kc3 N7e5 38. Rc7 Rb6 39. f6 Rxf6 40. Rxb7 Rc6+ 41. Kb3 Nd4+ 42. Kb2 Nc4+ 43. Kb1 Re6 44. Rg1 Re2 45. a4 Nf3 46. Rg3 Nd4 47. Rb4 Nd2+ 48. Kc1 Ne4 49. Rd3 Rc2+ 50. Kb1 Nd2+ 51. Ka1 Rc1+ 52. Ka2 Rc2+ 53. Rb2 Nc4 54. Rxc2 Nxc2 55. Kb3 N2e3 56. Rc3 Na5+ 57. Ka3 Nxg4 58. Rc7 Ne5 59. Kb4 Nac6+ 60. Kc5 Kg8 61. Kb6 a5 62. Kc5 Nb4 63. Kb5 Nbc6 64. Kc5 Nb4 65. Kb5 Nec6 66. Kc4 Ne5+ 1/2-1/2

[Event "GRE-ch U16 Girls"]
[Site "Greece"]
[Date "2014.07.04"]
[Round "1"]
[White "Tsouba, Adamantia"]
[Black "Lalou, Konstantina"]
[Result "1/2-1/2"]
[WhiteElo "1503"]
[BlackElo "1264"]
[PlyCount "54"]
[EventDate "2014.07.04"]
[EventType "swiss"]
[EventRounds "9"]
[EventCountry "GRE"]
[SourceTitle "EXT 2017"]
[Source "ChessBase"]
[SourceDate "2016.10.25"]
[SourceVersion "1"]
[SourceVersionDate "2016.10.25"]
[SourceQuality "1"]

1. e4 e5 2. f4 d5 3. exd5 exf4 4. Nf3 Nf6 5. Nc3 Bf5 6. Bc4 Bd6 7. 0-0 0-0 8. d4 Ng4 9. Re1 Nd7 10. h3 Ngf6 11. Ne5 Nb6 12. Bb3 Bb4 13. Qf3 Nbxd5 14. Bxf4 Nxf4 15. Qxf4 Bg6 16. Rad1 Re8 17. g4 Bd6 18. Qf3 Re7 19. Rf1 Qe8 20. Nxg6 hxg6 21. Qxb7 c5 22. Qf3 cxd4 23. g5 Nh5 24. Ne2 Kh7 25. Nxd4 Re3 26. Qxf7 Rg3+ 27. Kh1 Rxh3+ 1/2-1/2

[Event "GRE-chT 42nd"]
[Site "Porto Rio"]
[Date "2014.06.28"]
[Round "1.6"]
[White "Tsouba, Adamantia"]
[Black "Koutsotoli, Ourania"]
[Result "1-0"]
[WhiteElo "1503"]
[BlackElo "1332"]
[PlyCount "85"]
[EventDate "2014.06.28"]
[EventType "team-swiss"]
[EventRounds "7"]
[EventCountry "GRE"]
[SourceTitle "CBM 161 Extra"]
[Source "ChessBase"]
[SourceDate "2014.08.29"]
[SourceVersion "1"]
[SourceVersionDate "2014.08.29"]
[SourceQuality "1"]
[WhiteTeam "Panionios GS"]
[BlackTeam "Florinas OP"]
[WhiteTeamCountry "GRE"]
[BlackTeamCountry "GRE"]

1. e4 g6 2. d4 c6 3. c3 Bg7 4. Be3 d6 5. Bc4 Nf6 6. Nd2 e5 7. Ne2 Ng4 8. Nf1 d5 9. exd5 cxd5 10. Bb3 Be6 11. f3 Qh4+ 12. g3 Nxe3 13. Nxe3 Qf6 14. Rf1 exd4 15. Nxd4 Qd8 16. Ne2 0-0 17. Bxd5 Bxd5 18. Qxd5 Qxd5 19. Nxd5 Nc6 20. 0-0-0 Rad8 21. Kc2 Rfe8 22. Nc1 Re5 23. Nf4 Bh6 24. Rxd8+ Nxd8 25. Nfd3 Re6 26. Re1 Rxe1 27. Nxe1 Nc6 28. Ned3 f5 29. Nb3 Kf7 30. h3 Be3 31. Kd1 g5 32. Nd2 Kg6 33. Nc4 Bg1 34. Nce5+ Nxe5 35. Nxe5+ Kh5 36. Nf7 Bh2 37. g4+ fxg4 38. hxg4+ Kh4 39. Ke2 Bf4 40. Kf2 Bc1 41. b3 Bb2 42. Kg2 Bxc3 43. Nh6 1-0

[Event "Attica-ch U14 Girls"]
[Site "Peristeri"]
[Date "2012.04.22"]
[Round "7"]
[White "Tsouba, Adamantia"]
[Black "Psofimi, Milia"]
[Result "0-1"]
[WhiteElo "1462"]
[BlackElo "1438"]
[PlyCount "44"]
[EventDate "2012.04.17"]
[EventType "swiss"]
[EventRounds "7"]
[EventCountry "GRE"]
[SourceTitle "EXT 2024"]
[Source "ChessBase"]
[SourceDate "2023.10.10"]
[SourceVersion "1"]
[SourceVersionDate "2023.10.10"]
[SourceQuality "1"]

1. e4 e5 2. f4 exf4 3. Nf3 d6 4. Nc3 Be6 5. d3 Be7 6. Bxf4 Nd7 7. Qd2 Nb6 8. Be2 d5 9. Nb5 Bd6 10. Bxd6 cxd6 11. Qc3 Kf8 12. Nc7 Rc8 13. Nxe6+ fxe6 14. Qd2 h6 15. 0-0 Nf6 16. e5 dxe5 17. Nxe5 Kg8 18. Bh5 Nxh5 19. Nf7 Qe7 20. Nxh8 Kxh8 21. Kh1 Nd7 22. Qb4 Qxb4 0-1

[Event "Attica-ch U14 Girls"]
[Site "Peristeri"]
[Date "2012.04.18"]
[Round "2"]
[White "Andrianatou, Xanthoula"]
[Black "Tsouba, Adamantia"]
[Result "0-1"]
[WhiteElo "1322"]
[BlackElo "1462"]
[PlyCount "100"]
[EventDate "2012.04.17"]
[EventType "swiss"]
[EventRounds "7"]
[EventCountry "GRE"]
[SourceTitle "EXT 2024"]
[Source "ChessBase"]
[SourceDate "2023.10.10"]
[SourceVersion "1"]
[SourceVersionDate "2023.10.10"]
[SourceQuality "1"]

1. e4 c5 2. Nc3 e6 3. Nf3 d6 4. d4 cxd4 5. Nxd4 Bd7 6. Bc4 Nf6 7. Nf3 Be7 8. 0-0 0-0 9. e5 dxe5 10. Nxe5 Nc6 11. Nxd7 Nxd7 12. Bb5 Qc7 13. Qf3 Nde5 14. Qf4 Bd6 15. Qe4 Ne7 16. Bf4 N7g6 17. Bd3 f5 18. Qe3 Nxf4 19. Qxf4 Nxd3 20. Qh4 Nxb2 21. Nb5 Qd7 22. Nxd6 Qxd6 23. Rab1 Qa3 24. Qd4 Qxa2 25. Rxb2 Qa6 26. Rfb1 b6 27. Qe5 Qc8 28. Rb3 Re8 29. Rc3 Qd8 30. Rc7 Re7 31. Rxe7 Qxe7 32. Rd1 Rc8 33. Rd6 Rxc2 34. h3 Rc5 35. Qxe6+ Qxe6 36. Rxe6 Kf7 37. Re3 a5 38. Kf1 a4 39. Ke2 b5 40. Kd2 b4 41. g4 a3 42. gxf5 a2 43. Re1 b3 44. f6 gxf6 45. h4 b2 46. f4 b1Q 47. Rxb1 axb1Q 48. Ke3 Rc3+ 49. Ke2 Qb2+ 50. Kf1 Rc1# 0-1

[Event "GRE-chT 39th"]
[Site "Eretria"]
[Date "2011.07.08"]
[Round "7.11"]
[White "Tsouba, Adamantia"]
[Black "Androni, Dimitra Alexandra"]
[Result "1-0"]
[WhiteElo "1496"]
[BlackElo "1528"]
[PlyCount "99"]
[EventDate "2011.07.03"]
[EventType "team-swiss"]
[EventRounds "7"]
[EventCountry "GRE"]
[SourceTitle "CBM 143 Extra"]
[Source "ChessBase"]
[SourceDate "2011.08.29"]
[SourceVersion "1"]
[SourceVersionDate "2011.08.29"]
[SourceQuality "1"]
[WhiteTeam "Kallithea"]
[BlackTeam "Koropiou"]
[WhiteTeamCountry "GRE"]
[BlackTeamCountry "GRE"]

1. e4 d5 2. exd5 Qxd5 3. Nc3 Qa5 4. Bc4 Nf6 5. d3 c6 6. Bd2 e6 7. Nf3 Nbd7 8. 0-0 Bb4 9. Qe2 0-0 10. Rfe1 Qh5 11. h3 b5 12. Bb3 Bb7 13. Nd4 Qg6 14. Nf3 Bxc3 15. Bxc3 c5 16. Bd2 Nd5 17. c3 h6 18. Bc2 Rac8 19. Rac1 Qf6 20. d4 a6 21. Qd3 Rfd8 22. Ne5 Kf8 23. Qh7 Ke7 24. Ng4 Qh4 25. Qxg7 Rg8 26. Qxh6 Qxh6 27. Nxh6 Rg7 28. Nf5+ Kf8 29. Nxg7 Kxg7 30. dxc5 Nxc5 31. Be3 Nd7 32. Bd4+ Kf8 33. Be4 f6 34. Rcd1 Kf7 35. Bf3 Rg8 36. Bxd5 Bxd5 37. g3 f5 38. a3 Nf8 39. Bc5 Ng6 40. Kh2 Nh4 41. gxh4 Rg2+ 42. Kh1 Bf3 43. Rd7+ Kg8 44. Rg1 Rxg1+ 45. Kxg1 e5 46. Rd6 a5 47. Rf6 Be4 48. Bd6 Kg7 49. Bxe5 Kg8 50. h5 1-0

[Event "Attica-ch U14 Girls 11"]
[Site "Athens"]
[Date "2010.12.28"]
[Round "5.1"]
[White "Tsouba, Adamantia"]
[Black "Salahidou, Reveka"]
[Result "0-1"]
[WhiteElo "1494"]
[BlackElo "1584"]
[PlyCount "150"]
[EventDate "2010.12.23"]
[EventType "swiss"]
[EventRounds "7"]
[EventCountry "GRE"]
[SourceTitle "EXT 2024"]
[Source "ChessBase"]
[SourceDate "2023.10.10"]
[SourceVersion "1"]
[SourceVersionDate "2023.10.10"]
[SourceQuality "1"]

1. e4 e5 2. f4 d6 3. Nf3 Bg4 4. Be2 Nf6 5. d3 Nc6 6. Nc3 h6 7. Be3 d5 8. fxe5 Bxf3 9. Bxf3 Nxe5 10. exd5 Bb4 11. Bd2 Qe7 12. 0-0 0-0-0 13. Re1 Bc5+ 14. Kh1 g5 15. Na4 Nfd7 16. Nxc5 Qxc5 17. Bc3 Nxf3 18. Qxf3 Rhg8 19. Qxf7 Kb8 20. Qe6 h5 21. Re2 Nb6 22. Rae1 g4 23. Qf5 h4 24. Qh5 h3 25. g3 Rdf8 26. Qe5 Qxd5+ 27. Qxd5 Nxd5 28. Bg7 Rc8 29. Bd4 b6 30. a3 Rcf8 31. Kg1 Kb7 32. Re7 b5 33. c4 bxc4 34. dxc4 Nb6 35. Bxb6 axb6 36. Rf1 Rd8 37. Ree1 Rd2 38. Rf2 Rd4 39. Rc2 Rgd8 40. Ree2 Rd1+ 41. Kf2 Rf8+ 42. Ke3 Rf3+ 43. Ke4 Rd8 44. Rcd2 Re8+ 45. Kd4 c5+ 46. Kd5 Rd3+ 47. Rxd3 Rxe2 48. Rd1 Rxh2 49. Ke4 Rg2 50. Kf4 h2 51. Rh1 Rxb2 52. Kxg4 b5 53. cxb5 Rxb5 54. Rxh2 Ra5 55. Rb2+ Kc7 56. Rc2 Kd6 57. Rc3 Kd5 58. Rf3 Kd4 59. Kh4 c4 60. Rf4+ Kd3 61. Rf3+ Kd2 62. Rf2+ Ke3 63. Rc2 Kd3 64. Rf2 c3 65. g4 c2 66. Rf3+ Ke2 67. Rc3 Kd2 68. Rc8 Rxa3 69. g5 Rc3 70. Rd8+ Ke3 71. Re8+ Kf2 72. Rf8+ Kg2 73. Kh5 c1Q 74. g6 Rh3+ 75. Kg4 Rg3+ 0-1